000 01045nam a2200253 a 4500
001 000025463
005 20200930023815.0
008 110216s1978 mx a r 000 0 spa d
020 _a9682301947
040 _aDO-SdBNP
_bspa
_cBNPHU
082 _axxxxx
_bB687r
245 0 4 _aLos bolcheviques y la revolución de octubre :
_bactas del comité central del partido obrero social demócrata ruso /
_ctraducción Max Figueroa , Carlos Álvarez ; introducción Giuseppe Boffa.
250 _a2a ed.
260 _aMéxico, D. F. :
_bPasado y Presente,
_c1978.
300 _axxv, 288 p. :
_bil. ;
_c21 cm.
490 1 _a28 cuadernos de pasado y presente
504 _aIncluye referencias bibliográficas y notas al pie de las páginas.
534 _pTítulo original.
_tLes bolcheviks et la révolution d´octobre.
_cparís : françois maspero, 1964.
700 1 _afigueroa, Max,
_etr.
_952082
700 1 _aÁlvarez, Carlos,
_etr.
_952083
700 1 _aBoffa, Giuseppe
_952084
830 0 _a28 cuadernos de pasado y presente
_952085
049 _aBNGR
999 _c24955
_d24955